000 00767nas a2200229 4500
001 BR2016003734
003 BR-BrBNA
005 20231205130605.0
007 ta
008 230509b bl.|||p| |||| 00| 00por d
040 _aBR-BrBNA
_bpor
_cBiblioteca Nacional de Agricultura
041 _a(Pt)
072 _aQ03
100 1 _aCarmo, D.L. do
245 1 _aNão conformidades observadas em depósitos de hipermercados e supermercados da região Leste do município de São Paulo
650 _aARMAZENAMENTO
650 _aHIGIENE DE ALIMENTO
650 _aSEGURANÇA ALIMENTAR
773 0 _tHigiene Alimentar (Brazil)
_xISSN 0101-9171
_g(May-Jun 2016), v. 30(256-257) p. 55-59
_wBR2016003734
909 _a202311
_bLúcia
_c55
_dLúcia Elande
942 _2AGRIS
_n0
_cANA
999 _c250233
_d250233